000 01282cam a2200337 i 4500
001 18651032
003 EG-ScBUE
005 20241016133231.0
008 150609t2015 riua f b 001 0 eng d
020 _a9781470421991 (pbk. : acid-free paper)
040 _aDLC
_beng
_erda
_cDLC
_dDLC
_dEG-ScBUE
082 0 4 _a515.42
_bNEL
_222
100 1 _aNelson, Gail Susan,
_eauthor.
245 1 2 _aA user-friendly introduction to Lebesgue measure and integration /
_cGail S. Nelson.
264 1 _aProvidence, Rhode Island :
_bAmerican Mathematical Society,
_c[2015]
264 4 _cc2015
300 _aix, 221 pages :
_billustrations ;
_c22 cm.
336 _2rdacontent
_atext
_btxt
337 _aunmediated
_2rdamedia
_bn
338 _avolume
_bnc
_2rdacarrier
490 0 _aStudent mathematical library ;
_vvolume 78
504 _aIncludes bibliographical references and index.
650 7 _aMeasure theory.
_2BUEsh
_937347
650 7 _aLebesgue integral.
_2BUEsh
650 7 _aIntegration, Functional.
_2BUEsh
651 _2BUEsh
653 _bENGGEN
_cFebruary2017
655 _vReading book
_934232
942 _2ddc
_cBB
999 _c24132
_d24104